[Event "Barcelona op-B"]
[Site "Barcelona"]
[Date "1998.??.??"]
[Round "4"]
[White "Rovira Ruiz, Enric"]
[Black "Rovira Ruiz, Miquel"]
[Result "1/2-1/2"]
[WhiteElo "2025"]
[BlackElo "1915"]
[PlyCount "54"]
[EventDate "1998.??.??"]
[EventType "swiss"]
[EventRounds "8"]
[EventCountry "ESP"]
[SourceTitle "EXT 2019"]
[Source "ChessBase"]
[SourceDate "2018.10.10"]
[SourceVersion "1"]
[SourceVersionDate "2018.10.10"]
[SourceQuality "1"]

1. e4 c5 2. c3 d5 3. exd5 Qxd5 4. d4 Nf6 5. Nf3 Bg4 6. Nbd2 Bxf3 7. Nxf3 e6 8. Bb5+ Nbd7 9. 0-0 a6 10. Qa4 cxd4 11. Nxd4 Bc5 12. Rd1 Bxd4 13. Bxd7+ Qxd7 14. Qxd7+ Nxd7 15. Rxd4 0-0-0 16. Bg5 f6 17. Be3 Ne5 18. Kf1 Nd3 19. b3 Rxd4 20. Bxd4 Rd8 21. g3 e5 22. Be3 e4 23. Bd4 Rd5 24. Ke2 Rf5 25. f4 Rh5 26. Ke3 f5 27. Rh1 g5 1/2-1/2

[Event "Barcelona op-B"]
[Site "Barcelona"]
[Date "1998.??.??"]
[Round "5"]
[White "Rovira Ruiz, Miquel"]
[Black "Melchor Munoz, Alejandro"]
[Result "1/2-1/2"]
[WhiteElo "1915"]
[BlackElo "1955"]
[PlyCount "66"]
[EventDate "1998.??.??"]
[EventType "swiss"]
[EventRounds "8"]
[EventCountry "ESP"]
[SourceTitle "EXT 2019"]
[Source "ChessBase"]
[SourceDate "2018.10.10"]
[SourceVersion "1"]
[SourceVersionDate "2018.10.10"]
[SourceQuality "1"]

1. d4 Nf6 2. c4 e5 3. dxe5 Ne4 4. Qd5 Nc5 5. Bf4 Nc6 6. Nc3 Ne6 7. Bg3 Ncd4 8. Qe4 Bb4 9. e3 Nc6 10. Nf3 Qe7 11. Qc2 a5 12. Bd3 h5 13. h3 b6 14. a3 Bc5 15. Nd5 Qd8 16. Bf5 Bb7 17. Rd1 Rh6 18. Bh4 Be7 19. Bxe7 Nxe7 20. Bxe6 fxe6 21. Nf4 Bxf3 22. gxf3 g5 23. Ne2 Nf5 24. Ng3 Nxg3 25. fxg3 Qe7 26. h4 0-0-0 27. c5 b5 28. Qd3 c6 29. Qc3 gxh4 30. Rxh4 Qg7 31. Kf2 Rg8 32. Rh3 a4 33. Rg1 Rf8 1/2-1/2